Danish soccer players scoring during the UEFA Euro - Statistics

General Stats
  • This quiz has been taken 126 times
    52 since last reset
  • The average score is 11 of 28
Answer Stats
Goals Year(s) Player % Correct
1 2024 Christian Eriksen
94%
3 1996 Brian Laudrup
89%
1 1988 Michael Laudrup
89%
1 1988 Flemming Povlsen
72%
2 2021 Yussuf Poulsen
67%
1 2021 Andreas Christensen
53%
3 2004 Jon Dahl Tomasson
53%
3 2021 Kasper Dolberg
53%
2 2012 Nicklas Bendtner
50%
3 1992 Henrik Larsen
42%
2 1984 Preben Elkjær Larsen
42%
2 2021 Joakim Mæhle
39%
1 1992 John Jensen
39%
1 1984 Kenneth Brylle Larsen
39%
1 2021 Martin Braithwaite
36%
2 2021 Mikkel Damsgaard
33%
1 2021 Thomas Delaney
33%
1 2004 Jesper Grønkjær
31%
3 1984 Frank Arnesen
25%
1 2024 Morten Hjulmand
25%
1 1984 Søren Lerby
25%
1 1992 Kim Vilfort
22%
2 2012 Michael Krohn-Dehli
22%
1 1996 Allan Nielsen
19%
1 1992 Lars Elstrup
17%
1 1964 Carl Bertelsen
11%
1 1984 John Lauridsen
11%
1 1984 Klaus Berggreen
11%
No matching quizzes found
Score Distribution
Percent of People with Each Score
Percentile by Number Answered
Your Score History
You have not taken this quiz since the last reset